000 00294nam a2200133Ia 4500
003 OSt
005 20240305143524.0
008 170523s9999 xx 000 0 und d
020 _a978-0716722823
040 _cIIMTU
100 _aD. Watson James
245 0 _aRecombinant DNA
942 _2ddc
_c02
999 _c11217
_d11217